| 000 | 00480nam a2200169Ia 4500 | ||
|---|---|---|---|
| 999 |
_c11911 _d11911 |
||
| 003 | OSt | ||
| 005 | 20201117155019.0 | ||
| 008 | 190216s9999||||xx |||||||||||||| ||und|| | ||
| 040 | _coclc | ||
| 082 |
_a823.1 _bBRA/P |
||
| 100 |
_aBrander, L _96634 |
||
| 245 | 0 |
_aPortrait Of The Present / _cL Brander |
|
| 260 |
_bOxford University Press, _c1978. _aNew york; |
||
| 300 | _a146p | ||
| 650 | _aEnglish Stories | ||
| 942 |
_cBK _2ddc _h823.1 _iBRA/P _k823.1 _mBRA/P |
||